| Tag |
First Indicator |
Second Indicator |
Subfields |
| LEADER |
00000cam a2200000 a 4500 |
| 001 |
in00002640407 |
| 005 |
20151202091659.0 |
| 008 |
100205s2010 sz a b 000 0 eng |
| 015 |
|
|
|a GBB022874
|2 bnb
|
| 016 |
7 |
|
|a 015484560
|2 Uk
|
| 019 |
|
|
|a 457152317
|
| 020 |
|
|
|a 9782940411221 (pbk.)
|
| 020 |
|
|
|a 2940411220 (pbk.)
|
| 029 |
1 |
|
|a OHX
|b har105008235
|
| 029 |
1 |
|
|a AU@
|b 000045800136
|
| 035 |
|
|
|a (OCoLC)ocn506253040
|
| 035 |
|
|
|a (OCoLC)506253040
|
| 040 |
|
|
|a UKM
|c UKM
|d YDXCP
|d BTCTA
|d OHX
|d C#P
|d OCP
|d YBM
|d VP@
|d UtOrBLW
|
| 049 |
|
|
|a TXAM
|
| 050 |
|
4 |
|a NK2195.S89
|b M47 2010
|
| 082 |
0 |
4 |
|a 747.8521
|2 22
|
| 100 |
1 |
|
|a Mesher, Lynne.
|
| 245 |
1 |
0 |
|a Retail design /
|c Lynne Mesher.
|
| 264 |
|
1 |
|a Lausanne, Switzerland :
|b AVA Pub. ;
|c [2010]
|
| 264 |
|
2 |
|a La Vergne, TN :
|b Distributed in the USA by Ingram Publisher Services,
|
| 264 |
|
4 |
|c ©2010
|
| 300 |
|
|
|a 183 pages :
|b illustrations (chiefly color) ;
|c 24 cm.
|
| 336 |
|
|
|a text
|b txt
|2 rdacontent
|
| 337 |
|
|
|a unmediated
|b n
|2 rdamedia
|
| 338 |
|
|
|a volume
|b nc
|2 rdacarrier
|
| 490 |
1 |
|
|a Basics interior design ;
|v 01
|
| 490 |
1 |
|
|a AVA academia
|
| 504 |
|
|
|a Includes bibliographical references (page 170).
|
| 505 |
0 |
|
|a Branding and identity -- What is branding? -- Developing a brand -- Selling the brand -- Retail sectors -- Food -- Fashion -- Home -- Leisure and entertainment -- Retail sites -- Department stores -- High street -- Shopping centres -- Out-of-town shopping -- The concourse -- Alternative venues -- The retail environment -- Retail and sustainability -- Materials -- Lighting -- Climate and sound -- -- Methods of organising space -- Principles of retail organisation -- Merchandising -- Service and ancillary space -- Design detail -- The shop façade -- Interior architecture -- Fixtures and fittings.
|
| 650 |
|
0 |
|a Store decoration.
|
| 830 |
|
0 |
|a Basics interior design ;
|v 01.
|
| 830 |
|
0 |
|a AVA academia.
|
| 938 |
|
|
|a YBP Library Services
|b YANK
|n 3219185
|
| 938 |
|
|
|a Baker and Taylor
|b BTCP
|n BK0008598734
|
| 938 |
|
|
|a Otto Harrassowitz
|b HARR
|n har105008235
|
| 945 |
|
|
|a PromptCat
|b 81096
|
| 946 |
|
|
|a stk
|
| 947 |
|
|
|a A14839729387
|
| 994 |
|
|
|a 92
|b TXA
|
| 948 |
|
|
|a Cataloged
|b h
|c 2010/9/27
|d c
|e ibarton
|
| 999 |
|
|
|a MARS
|
| 999 |
f |
f |
|s 08cda9d7-1fe7-35ed-b7ad-ee1a0bb423c3
|i 0740e423-bb31-3729-8759-efe81e6d09a4
|t 0
|
| 952 |
f |
f |
|p normal
|a Texas A&M University
|b College Station
|c Sterling C. Evans Library
|d Evans: Library Stacks
|t 0
|e NK2195.S89 M47 2010
|h Library of Congress classification
|i unmediated -- volume
|m A14839729387
|
| 998 |
f |
f |
|a NK2195.S89 M47 2010
|t 0
|l Evans: Library Stacks
|